000 00721nam a2200169 a 4500
008 180919s1994 ||||||||||||||||| || u
050 _aB 385.A5 Pla
100 _aWaterfield, Robin
245 1 0 _aPlato symposium
_cTranslated by Robin Waterfield
260 _aLondon
_bThe Folio Society
_c1994
300 _ali, 111p.: ill.
350 _a17.40
650 _aLOVE
650 _aSOCRATES
995 _aMAIN LIBRARY OPEN ACCESS
_e748675
_FCBU-MAIN LIBRARY (Kitwe)
_I17.40
_jB 385.A5 Pla
_M2
_UAVAILABLE
_WSep 21, 2018
_y748675
_ZMain Library Open Access Collection
995 _aMAIN LIBRARY OPEN ACCESS
_e748674
_FCBU-MAIN LIBRARY (Kitwe)
_I17.40
_jB 385.A5 Pla
_M1
_UAVAILABLE
_WSep 21, 2018
_y748674
_ZMain Library Open Access Collection
999 _c81991
_d81991